Fundamentals of international organisation behaviour (Record no. 896)

MARC details
000 -LEADER
fixed length control field 00450nam a22001697a 4500
005 - DATE AND TIME OF LATEST TRANSACTION
control field 20160517103726.0
008 - FIXED-LENGTH DATA ELEMENTS--GENERAL INFORMATION
fixed length control field 160517b xxu||||| |||| 00| 0 eng d
020 ## - INTERNATIONAL STANDARD BOOK NUMBER
ISBN 10-81-89265-02-4
041 ## - LANGUAGE CODE
Language code of text/sound track or separate title eng
082 ## - DEWEY DECIMAL CLASSIFICATION NUMBER
Item number 2469
100 ## - MAIN ENTRY--AUTHOR NAME
Personal name Simon L. Dolan Tony Lingham
245 ## - TITLE STATEMENT
Title Fundamentals of international organisation behaviour
260 ## - PUBLICATION, DISTRIBUTION, ETC. (IMPRINT)
Place of publication New Delhi
Name of publisher Sara book Pvt. Ltd.
Year of publication 2008
300 ## - PHYSICAL DESCRIPTION
Number of Pages 361
650 ## - SUBJECT ADDED ENTRY--TOPICAL TERM
Topical Term Management
942 ## - ADDED ENTRY ELEMENTS (KOHA)
Koha item type Books
Holdings
Lost status Damaged status Collection code Home library Current library Shelving location Date acquired Cost, normal purchase price Full call number Accession Number Koha item type
    Non-fiction JRU Library   SHELF-29-J 17/05/2016 450.00 2469 2469 Books